Responses for show #8274 - Thursday, November 5, 2020

Contestants

[<< previous game]

Burt Thakur, a project engineer from Palm Springs, California

Christina Tang-Bernas, a copy editor from Anaheim, California

Devin Rossiter, an academic coach from Bakersfield, California (whose 2-day cash winnings total $52,204)

[next game >>]

Jeopardy! Round responses

TAKE A HIKE
CHILDREN'S LITERATURE
3-NAMED MARYS
LAW
ANATOMICAL IDIOMS
THE SANDWICH GENERATION
    $200 6
the Grand Canyon

Devin
    $200 1
a cat

Burt :)
    $200 29
Mary Tyler Moore

Burt :)
    $200 30
libel

Devin
    $200 9
heels

Devin
    $200 23
(Burt: What is the dipped pork sandwich? The pork... s--pork sandwich? Pork roll?)
(Alex: No.)
(Burt: What is pork sandwich?)
(Alex: None of the above.)
[Laughter]

a cheesesteak

DevinBurt :)
    $400 8
Mount Rushmore

Christina
    $400 3
a Tyrannosaurus

Devin
    $400 25
Mary Olsen (Mary-Kate Olsen)

Burt :)
    $400 28
a defendant

Devin
    $400 10
tongue

Devin
    $400 18
Reuben

Burt :)
    $600 17
the Appalachian Trail

Devin
    $600 4
Goodnight Moon

Devin
    $600 2
Jack Bauer

Devin
    $600 27
(Christina: What is a warrant?)

consent

Christina
Triple Stumper
    $600 11
gut

Devin
    $600 16
a Cuban

Devin
    $800 22
(Christina: What is the "ideronderocks"?)
(Alex: Uh, say it again.)
(Christina: What is the "Idorondacks"?)

the Adirondacks

DevinChristina
    $800 5
the very hungry caterpillar

Christina
    $800 24
Mary-Louise Parker

Christina
    $800 26
(Burt: [*]. What is [*]?)

in lieu of parents

Burt :)
    $800 12
hip

Christina
    $800 14
dip

Burt :)
    $1000 21
(Devin: What is Kauai?)
(Burt: What is Oahu?)

Maui

DevinChristinaBurt :)
    $1,800 7
(Alex: Devin?)
(Devin: My English teacher's gonna hate me.)

Beatrix Potter

Devin
    $1000 20
Mary Elizabeth Winstead

Triple Stumper
    $1000 19
an advocate

Burt :)
    $1000 13
skin

Burt :)
    $1000 15
roast beef

Christina

Scores at the first commercial break (after clue 15):

Devin Christina Burt :)
$1,200 $3,000 $2,000

Scores at the end of the Jeopardy! Round:

Devin Christina Burt :)
$3,000 $3,400 $3,600

Double Jeopardy! Round responses

HISTORICAL FACTS
MUSIC VENUES
PEOPLES
THE SCIENTIST'S HAIKU
21st CENTURY BLACK & WHITE MOVIES
AFTER EFFECT
(Alex: Each correct response will be a word in the dictionary that comes not too far after the word "effect".)
    $400 3
Radio City Music Hall

Devin
    $400 8
Sherpa

Burt :)
    $400 6
Tesla

Devin
    $400 16
Roma

Christina
    $400 12
eject

Devin
    $800 19
the Great Wall of China

Christina
    $800 2
the Royal Albert Hall

Devin
    $800 22
the Boer

Christina
    $800 7
(Burt: Who is Jacob?)

(Francis) Crick

ChristinaBurt :)
    $800 24
The Artist

Burt :)
    $800 17
endowment

Devin
    $1200 20
Benedict Arnold

Christina
    $3,000 1
Red Rocks

Devin
    $1200 23
(Burt: Who are... the Sioux?)

the Chiricahua Apache

Burt :)
Triple Stumper
    $1200 14
(Edmond) Halley

Burt :)
    $1200 29
[The end-of-round signal sounds.]

Nebraska

Devin
    $1200 18
(Burt: What is equity?)
(Christina: Uh, what is... equal?)

egalitarian (equalitarian)

ChristinaBurt :)
Triple Stumper
    $1600 15
lost city

Christina
    $1600 4
The Troubadour

Triple Stumper
    $1600 27
the Lapp

Triple Stumper
    $1600 11
Kepler

Christina
    $1600 28
Tim Burton

Devin
    $1600 13
effervescent

Burt :)
    $3,000 25
(Burt: Oh, uh, who's [*]?)
(Alex: Kind of forgot you have to give the response.)
(Burt: I had to think of Kubrick.)
(Alex: Less than a minute now.)

Spartacus

Burt :)
    $2000 5
the Bluebird Café

Triple Stumper
    $2000 10
the Masai

Burt :)
    $2000 9
(Robert) Boyle

Burt :)
    $2000 26
The Lighthouse

Triple Stumper
    $2000 21
(Devin: What is erroneous?)

egregious

Devin
Triple Stumper

Scores at the end of the Double Jeopardy! Round:

Devin Christina Burt :)
$9,600 $9,400 $11,400

[wagering suggestions for these scores]

Final Jeopardy! Round responses

FOREIGN WORDS IN ENGLISH
ChristinaWhat is vaqueros?
$5,600
DevinWhat are guerrillas?
$9,600
Burt :)What is guerillas?
$9,000
guerrillas

Final scores:

Devin Christina Burt :)
$19,200 $3,800 $20,400
2nd place: $2,000 3rd place: $1,000 New champion: $20,400

Game dynamics:

Coryat scores:

Devin Christina Burt :)
$9,600 $9,400 $10,400
21 R
(including 1 DD),
3 W
(including 1 DD)
13 R,
3 W
15 R
(including 1 DD),
5 W

Combined Coryat: $29,400

The J! Archive is created by fans, for fans. The Jeopardy! game show and all elements thereof, including but not limited to copyright and trademark thereto, are the property of Jeopardy Productions, Inc. and are protected under law. This website is not affiliated with, sponsored by, or operated by Jeopardy Productions, Inc. Join the discussion at JBoard.tv.